[Event "AUT-ch U10"]
[Site "St Veit"]
[Date "2023.05.27"]
[Round "2"]
[White "Chen, Chicheng Leon"]
[Black "Wu, Lucas"]
[Result "1-0"]
[WhiteElo "1384"]
[BlackElo "1065"]
[PlyCount "59"]
[EventDate "2023.05.27"]
[EventType "swiss"]
[EventRounds "7"]
[EventCountry "AUT"]
[SourceTitle "CBM 214 Extra"]
[Source "ChessBase"]
[SourceDate "2023.07.31"]
[SourceVersion "1"]
[SourceVersionDate "2023.07.31"]
[SourceQuality "1"]

1. e4 c6 2. Nf3 d5 3. Nc3 dxe4 4. Nxe4 Nf6 5. Qe2 Nxe4 6. Qxe4 Qa5 7. b4 Bf5 8. Qf4 Qd5 9. d3 e6 10. Bb2 Bg6 11. a3 Bd6 12. Qe3 0-0 13. c4 Qf5 14. Qd4 Qf6 15. Qxf6 gxf6 16. Bxf6 Nd7 17. Bb2 Bf4 18. Be2 e5 19. 0-0 Kh8 20. g3 Bh6 21. Nxe5 Nxe5 22. Bxe5+ Bg7 23. Bxg7+ Kxg7 24. Rad1 Rad8 25. d4 Bc2 26. Rd2 Be4 27. Re1 Rd6 28. c5 Re6 29. Bc4 Re7 30. f3 1-0